| 000 | 00000nas 2200000za 4500 |
| 001 | 9.502874 |
| 003 | CaOODSP |
| 005 | 20240131103310 |
| 007 | cr ||||||||||| |
| 008 | 150406d20002000xxc|| m o||||f| |0fre|d |
| 040 | |aCaOODSP|bfre |
| 043 | |an-cn--- |
| 086 | 1 |aEn152-2F-PDF |
| 110 | 1 |aCanada. |bEnvironnement Canada. |bRégion du Québec. |
| 245 | 10|aFiches P2 |h[ressource électronique] |
| 260 | |aMontréal - Québec : |bEnvironnement Canada. |
| 500 | |aL'ISSN de l'édition imprimée a été incorrectement copié dans l'édition électronique. |
| 775 | 08|tP2 fact sheets |w(CaOODSP)9.506478 |
| 776 | 0#|tFiches P2 |w(CaOODSP)9.512954 |